000 00362nam a2200157Ia 4500
003 Ost
005 20260225132538.0
008 260225s9999||||xx |||||||||||||| ||und||
040 _cfsic
041 _afre
082 _a70.43
100 _aAndré jean tudeg
_eAuteur
245 0 _aLa presse et l'événement /
245 0 _cAndré jean tudeg
942 _cكتاب
999 _c33353
_d33353